Szczegóły MARC21

Uzależnienia behawioralne i zachowania problemowe młodzieży : teoria, diagnoza, profilaktyka, terapia /

003 -Nazwa inst., której nr kontr. jest w polu 001 [,]
    • @
    • Nazwa instytucji, której n kontrolny jest w polu 001
    • NUKAT
005 -DATA I CZAS OSTATNIEJ MODYFIKACJI [,]
    • @
    • pole kontrolne
    • 20241231092047.0
020 -Międzynarod. znormalizowany nr książki - ISBN [ , ]
    • a
    • Numer ISBN
    • 9788380180017 Find
040 -Instytucja sporządzająca opis [ , ]
    • a
    • Instytucja, która sporządziła opis (NP)
    • POZN U/HC
    • c
    • Instytucja, która sporządziła rekord (NP)
    • POZN U/HC
    • d
    • Instytucja, która zmodyfikowała rekord (P)
    • POZN U/JG
    • d
    • Instytucja, która zmodyfikowała rekord (P)
    • POZN U/KaKs
041 -Język dokumentu [0, ]
    • a
    • Język tekstu (P)
    • polski
    • b
    • Język streszczeń lub abstraktu (P)
    • angielski
942 -Rodzaj dokumentu [ , ]
    • c
    • Rodzaj dokumentu
    • Książka
245 -Strefa tytułu i oznaczenia odpowiedzialności [0,0]
    • a
    • Tytuł
    • Uzależnienia behawioralne i zachowania problemowe młodzieży : Find
    • b
    • Ciąg dalszy tytułu (NP)
    • teoria, diagnoza, profilaktyka, terapia / Find
    • c
    • Pozostałe elementy strefy tytułu i oznaczenia odpowiedzialności (NP)
    • red. Jolanta Jarczyńska.
260 -Strefa adresu wydawniczego [ , ]
    • a
    • Miejsce wydania (P)
    • Bydgoszcz :
    • b
    • Nazwa wydawcy (P)
    • Wydawnictwo Uniwersytetu Kazimierza Wielkiego,
    • c
    • Data wydania (P)
    • 2014.
300 -Strefa opisu fizycznego [ , ]
    • a
    • Określenie formy książki i/lub objętość (NP)
    • 197 s. :
    • b
    • Oznaczenie ilustracji (NP)
    • il. ;
    • c
    • Format (NP)
    • 24 cm.
336 -Typ zawartości [ , ]
    • a
    • Termin opisujący typ zawartości
    • Tekst
    • b
    • Kod określający zawartość
    • txt
    • 2
    • Źródło (terminu i kodu)
    • rdacontent
337 -Typ mediów [ , ]
    • a
    • Tryb odtwarzania
    • Bez urządzenia pośredniczącego
    • b
    • Kod typu mediów
    • n
    • 2
    • Źródło (terminu i kodu)
    • rdamedia
338 -Typ/rodzaj nośnika [ , ]
    • a
    • Hasło opisujące typ nośnika
    • Wolumin
    • b
    • Kod typu nośnika
    • nc
    • 2
    • Źródło (terminu i kodu)
    • rdacarrier
504 -Uwaga dot. bibliogr. załącznikowej [ , ]
    • a
    • Uwaga dot. bibliografii załącznikowej
    • Bibliogr. przy rozdz.
546 -Uwaga dot. języka [ , ]
    • a
    • Uwaga dot. języka
    • Streszcz. ang.
650 -Hasło przedmiotowe [ ,7]
    • a
    • Hasło przedmiotowe
    • Cyberprzemoc.
    • 2
    • Źródło terminu
    • kaba
    • 9
    • KHW
    • 195875
650 -Hasło przedmiotowe [ ,7]
    • a
    • Hasło przedmiotowe
    • Gry hazardowe
    • x
    • Określnik rzeczowy
    • aspekt psychologiczny.
    • 2
    • Źródło terminu
    • kaba
    • 9
    • KHW
    • 397317
650 -Hasło przedmiotowe [ ,7]
    • a
    • Hasło przedmiotowe
    • Hazard patologiczny.
    • 2
    • Źródło terminu
    • kaba
    • 9
    • KHW
    • 164539
650 -Hasło przedmiotowe [ ,7]
    • a
    • Hasło przedmiotowe
    • Kompulsja (psychologia) u nastolatków.
    • 2
    • Źródło terminu
    • kaba
    • 9
    • KHW
    • 164341
650 -Hasło przedmiotowe [ ,7]
    • a
    • Hasło przedmiotowe
    • Młodzież
    • x
    • Określnik rzeczowy
    • używanie narkotyków.
    • 2
    • Źródło terminu
    • kaba
    • 9
    • KHW
    • 120349
650 -Hasło przedmiotowe [ ,7]
    • a
    • Hasło przedmiotowe
    • Telefonia komórkowa
    • x
    • Określnik rzeczowy
    • aspekt psychologiczny.
    • 2
    • Źródło terminu
    • kaba
    • 9
    • KHW
    • 397316
650 -Hasło przedmiotowe [ ,7]
    • a
    • Hasło przedmiotowe
    • Uzależnienie (psychologia)
    • x
    • Określnik rzeczowy
    • zapobieganie.
    • 2
    • Źródło terminu
    • kaba
    • 9
    • KHW
    • 368642
700 -Hasło dodatkowe - nazwa osobowa [1, ]
    • a
    • Nazwa osobowa (NP)
    • Jarczyńska, Jolanta. Find
    • e
    • Określenie rodzaju współpracy
    • Red.
    • 9
    • KHW
    • 397452
710 -Hasło dodatkowe - nazwa ciała zbiorowego [2, ]
    • a
    • Nazwa ciała zbiorowego lub nazwa geograficzna jako pierwszy element (NP)
    • Uniwersytet Kazimierza Wielkiego (Bydgoszcz).
    • b
    • Nazwa jednostki podrzędnej (P)
    • Wydawnictwo.
    • 4
    • Kod relacji
    • pbl
    • 9
    • KHW
    • 54390
920 -ISBN [ , ]
    • a
    • ISBN
    • 978-83-8018-001-7 Find
Numer inwentarzowy Status udost. Data inwentaryzacji Lokalizacja
Z.12131212015-12-29BG
WM.18711-32015-12-30BG
WM.18712-32015-12-30BG
H.2733612015-07-17BNS
H.27337-32015-07-17BNS